000 00850nam a2200205Ii 4500
003 JO-AjNU
008 230605s9999||||xx |||||||||||||| ||und||
040 _aJO-AjNU
_bara
_erda
_cJO-AjNU
041 _aara
050 1 4 _aPJ78542.I76.S5364 2002
100 3 _aشبانة، ناصر,
_eauthor
_97288
245 0 0 _aالمفارقة في الشعر العربي الحديث: أمل دنقل ، سعدي يوسف ، محمود درويش نموذجا
250 _aط1
264 3 1 _aبيروت: المؤسسة العربية للدراسات والنشر،2002 ؛ عمان: دار الفارس للنشر والتوزيع، 2002
300 _a298ص
336 _atext
_btxt
_2rdacontent
337 _aunmediated
_bn
_2rdamedia
338 _avolume
_bnc
_2rdacarrier
650 4 _aالشعر العربي - العصر الحديث - مفارقات
_97289
999 _aA204
_c3772
_d3772